| 000 | 00783cam a2200217 4500 | ||
|---|---|---|---|
| 008 | 090401t1988 xxu||||| |||| 00| 0 eng d | ||
| 020 | _a0727713299 | ||
| 035 | _a(Sirsi) u73170 | ||
| 041 | _aeng | ||
| 050 | _a624.08 | ||
| 110 |
_aInstitution of Civil Engineers _91402 |
||
| 245 | _aConditions of contract, agreement and contract schedule for use in connection with minor works of civil engineering construction | ||
| 260 |
_aLondon _bThomas Telford _c1988 |
||
| 300 | _avii,14p. ; 30cm. | ||
| 350 | _a5 | ||
| 520 | _aSponsored by the ICE, the Association of Consulting Engineers and the Federation of Civil Engineering Contractors . | ||
| 650 | _aCIVIL ENGINEERING CONTRACTS | ||
| 650 | _aICE CONDITIONS OF CONTRACT FOR MINOR WORKS | ||
| 942 | _n0 | ||
| 948 | _c04/03/1997 | ||
| 999 |
_c95558 _d95558 |
||